|
|
|
|
| LEADER |
05210nam a2200769 i 4500 |
| 001 |
000015708 |
| 005 |
20230608102612.0 |
| 008 |
220607s1763 gw af e 0dger d |
| FMT |
|
|
|
| 040 |
|
|
|a SVKKK
|b slo
|c SVKKK
|e rda
|
| 041 |
1 |
|
|a ger
|h eng
|
| 043 |
|
|
|a a------
|a a-cc---
|a a-ja---
|a a-ii---
|a e-it---
|a e-po---
|a e-sp---
|
| 044 |
|
|
|a gw
|c DE
|
| 072 |
|
7 |
|a 94(100)
|x Svetové dejiny
|2 konspekt
|
| 072 |
|
|
|a 339
|x Obchod
|2 konspekt
|
| 080 |
|
|
|a 316.722
|2 2011
|
| 080 |
|
|
|a 94(5)
|2 2011
|
| 080 |
|
|
|a 339.5
|2 2011
|
| 080 |
|
|
|a 347.72
|2 2011
|
| 080 |
|
|
|a (510)
|2 2011
|
| 080 |
|
|
|a (52)
|2 2011
|
| 080 |
|
|
|a (540)
|2 2011
|
| 080 |
|
|
|a (450)
|2 2011
|
| 080 |
|
|
|a (469)
|2 2011
|
| 080 |
|
|
|a (460)
|2 2011
|
| 130 |
0 |
|
|a Uebersetzung der Algemeinen Welthistorie der Neuern Zeiten
|
| 245 |
1 |
0 |
|a Uebersetzung der Algemeinen Welthistorie der Neuern Zeiten die in Engeland durch eine Geselschaft von Gelehrten ausgefertiget worden. Siebenter Theil.
|b Unter der Aufsicht und mit einer Vorrede herausgegeben von Johann Salomon Semler der heil. Schrift Doctor und öffentlichem Lehrer, auch des theologischen Seminarii Director auf der königl. preußl. Friedrichsuniversität zu Halle. Mit Röm. Kaiserl. Königl. Poln. und Churfürstl. Sächs. Königl. Preußisch= und Churbrandenburgischen wie auch Schweizerischen Privilegien.
|
| 264 |
|
1 |
|a Halle,
|b Druck und Verlag Joh. Justinus Gebauers.
|c 1763.
|
| 300 |
|
|
|a 2 nečíslované strany, 16, 344 strán, strany 353-717, 1 nečíslovaná strana, 2 listy obrazových príloh
|a 1 neoznačená zložka,a/3,b/4,c/1,A/4-Z/4,Aa/4-Uu/4,Yy/4-Zz/4,Aaa/4-Zzz/4,Aaaa/4-Uuuu/4,Xxxx/3,2 listy obrazových príloh
|b frontispice, ilustrácie
|c 25x20,5 cm
|
| 336 |
|
|
|a text
|b txt
|2 rdacontent
|
| 337 |
|
|
|a bez média
|b n
|2 rdamedia
|
| 338 |
|
|
|a zväzok
|b nc
|2 rdacarrier
|
| 500 |
|
|
|a Vinety ornamentálne, vineta ornamentálno-figurálna s devízou "Mores Hominvm Mvltorvm Vidit Et Vrbes. Hor.", vinety ornamentálno-figurálne, vlysy ornamentálne, linky ozdobné, linky, iniciálky s ornamentálnym pozadím vo voľnom priestore na 5, 6, 7 riadkov, iniciálky s ornamentálno-figurálnym pozadím vo voľnom priestore na 5, 7 riadkov, verzálka na 2 riadky, titulný list s červeno-čiernou tlačou, frontispice - medirytina s vyobrazením pohrebnej ceremónie v Japonsku s textom: "Algemeine Welthistorie von Anbegin der Welt bis auf gegenwärtige Zeit. XXVter Theil. Historie Der Neuern Zeiten. VIIter Theil. Halle verlegts Joh: Justin9 Gebauer" signovaný "Schleuen sc:", 4 ilustrácie v záhlaví kapitol (na strane 3, 1, 251 a 392) - vyobrazenie svadobnej ceremónie v Japonsku, vyobrazenie mincí rôznych čínskych dynastií, vyobrazenie liečebnej kúry pri kolike pomocou ihiel a vyobrazenie pohoria, 1 obrazová príloha - nákres a popis plachetnice proa (chybne zviazaná, patrí do VIII. dielu, signatúra S 875aa PA), tlač dvojstĺpcová (register), tlačené marginálie v nemeckom jazyku, tabuľky, typografické ozdoby, kustódy, tlačené poznámky pod textom v nemeckom, latinskom a francúzskom jazyku (tlač dvojstĺpcová).
|
| 504 |
|
|
|a Na 701.-717. strane menný a predmetový register.
|
| 508 |
|
|
|a Na 3.-15. strane úvod Johanna Salomona Semlera v závere s textom "Geschrieben Halle auf der königl. preußl. Friedrichsuniversität, den 19ten September 1763."
|
| 510 |
4 |
|
|a MZK
|
| 510 |
4 |
|
|a GBV
|
| 510 |
4 |
|
|a COPAC
|
| 546 |
|
|
|a V texte sa vyskytuje i latinský a francúzsky jazyk.
|
| 561 |
|
|
|a Pečiatka: Štátna vedecká knižnica v Košiciach
|
| 561 |
|
|
|a Pečiatka: K. K. Rechtsakad. Bibliothek In Kaschau
|
| 561 |
|
|
|a Tlačený exlibris: Kassai királyi jogakademia Könyvtára Szekrény szám XIV Osztályzat d
|
| 562 |
|
|
|a Defekt - chýbajú prílohy a strany 345-352 (zložky Xx/4). Chybné stránkovanie: namiesto strany 267 je strana 167; 312 je 212; 464 je 466.
|
| 563 |
|
|
|a Väzba: Lepenka, dosky béžový papier, chrbát a rohy hnedá koža, chrbát so zlátenou ornamentálnou slepotlačou a s textom "Allgemeine Welthistorie Der Neuern Zeiten VII. Theil."
|
| 650 |
0 |
7 |
|a civilizácia
|2 SVKKKST
|
| 650 |
0 |
7 |
|a kultúra rôznych spoločností
|2 SVKKKST
|
| 650 |
0 |
7 |
|a dejiny Ázie
|2 SVKKKST
|
| 650 |
0 |
7 |
|a medzinárodný obchod
|2 SVKKKST
|
| 650 |
0 |
7 |
|a obchodné spoločnosti
|2 SVKKKST
|
| 651 |
|
7 |
|a Čína
|x mince
|x vyobrazenie
|x dejiny
|2 SVKKKST
|
| 651 |
|
7 |
|a Japonsko
|x pohrebná ceremónia
|x svadobná ceremónia
|x liečba koliky pomocou ihiel
|x vyobrazenie
|x dejiny
|2 SVKKKST
|
| 651 |
|
7 |
|a India
|x obchodovanie
|2 SVKKKST
|
| 651 |
|
7 |
|a Taliansko
|x obchodovanie
|2 SVKKKST
|
| 651 |
|
7 |
|a Portugalsko
|x obchodovanie
|2 SVKKKST
|
| 651 |
|
7 |
|a Španielsko
|x obchodovanie
|2 SVKKKST
|
| 655 |
|
7 |
|a odborná literatúra
|2 SVKKKST
|
| 700 |
1 |
|
|a Semler, Johann Salomo,
|d 1725-1791
|4 aui
|4 edt
|4 cwt
|
| 700 |
1 |
|
|a Horatius Flaccus, Quintus,
|d 65 pr. Kr.-8 pr. Kr.
|4 oth
|
| 700 |
1 |
|
|a Schleuen, Johann David,
|d 1711-1771 alebo 1774
|4 egr
|
| 710 |
0 |
|
|a Gebauer, Johann Justinus,
|c Halle,
|d 1733-1772
|4 prt
|4 pbl
|
| 710 |
2 |
|
|a knižnice - Knižnica Právnickej akadémie,
|c Košice
|4 fmo
|
| 752 |
|
|
|a Nemecko
|d Halle
|
| 852 |
|
|
|a svkkk
|b historické fondy
|p S 875z PA
|
| 910 |
|
|
|a svkkk
|
| 998 |
|
|
|a ST18
|
| BAS |
|
|
|
| OWN |
|
|
|